书目信息 |
| 题名: |
诉讼法学
|
|
| 作者: | ;法学考研网 主编 | |
| 分册: | ||
| 出版信息: | 北京 中国法制出版社 2006.06 |
|
| 页数: | 14, 430页 | |
| 开本: | 21cm | |
| 丛书名: | 法学硕士考研全攻略 | |
| 单 册: | ||
| 中图分类: | D915.04 | |
| 科图分类: | ||
| 主题词: | 诉讼法--su song fa--研究生--入学考试--升学参考资料 | |
| 电子资源: | ||
| ISBN: | 7-80226-267-4 | |
| 000 | 00890nam 2200253 450 | |
| 001 | 012008966928 | |
| 005 | 20080508162354.90 | |
| 010 | @a7-80226-267-4@dCNY25.00 | |
| 100 | @a20080508d2006 em y0chiy0120 ea | |
| 101 | 0 | @achi |
| 102 | @aCN@b110000 | |
| 105 | @ay z 000yy | |
| 106 | @ar | |
| 200 | 1 | @a诉讼法学@Asu song fa xue@f法学考研网主编@Ffa xue kao yan wang zhu bian |
| 210 | @a北京@c中国法制出版社@d2006.06 | |
| 215 | @a14, 430页@d21cm | |
| 225 | 2 | @a法学硕士考研全攻略@Afa xue shuo shi kao yan quan gong lue@v4 |
| 330 | @a本书分民事诉讼法学(八章)、刑事诉讼法学(九章)两篇。每章由重点精解、论文导读、实战演练三部分组成。 | |
| 410 | 0 | @12001 @a法学硕士考研全攻略 |
| 606 | 0 | @a诉讼法@Asu song fa@x研究生@x入学考试@j升学参考资料 |
| 690 | @aD915.04@v4 | |
| 711 | 02 | @a法学考研网@Afa xue kao yan wang@4主编 |
| 801 | 0 | @aCN@bQSSK@c20080508 |
| 905 | @b706505@dD915.04@eF031@f1 | |
| 诉讼法学/法学考研网主编.-北京:中国法制出版社,2006.06 |
| 14, 430页;21cm.-(法学硕士考研全攻略;4) |
| ISBN 7-80226-267-4:CNY25.00 |
| 本书分民事诉讼法学(八章)、刑事诉讼法学(九章)两篇。每章由重点精解、论文导读、实战演练三部分组成。 |
| ● |
| 相关链接 |
|
|
|
正题名:诉讼法学
索取号:D915.04/F031
 
预约/预借
| 序号 | 登录号 | 条形码 | 馆藏地/架位号 | 状态 | 备注 |
| 1 | 706505 | 207065058 | 社科库509/509社科库 82排3列1层/ [索取号:D915.04/F031] | 在馆 |